000 00509 a2200169 4500
003 Nust
005 20170207153146.0
040 _cNust
082 _a530
100 _aKompaneyets, A. S.
245 _aTheoretical physics
_cA. S. Kompaneyets
260 _aMoscow
_bPeace Pub.
_c1961
300 _a615 p.
505 _aPart.1- Mechanics(page-11) Part.2-Electrodynamics(page-95)Part.3- Quantum Mechanics(Page-238) Part.4- Statistical Physics(Page-430)
538 _aAlmirah No. 15 Shelf No. 3
650 _aPhysics
942 _2ddc
_cBK
999 _c180338
_d180338